000 01080nam a2200325 a 4500
001 vtls001167390
003 NLI
005 20210603154412.0
008 120327s1971 ii 000 0 hin
020 _cRs. 2.00
039 9 _y201203271809
_zsiva123
040 _aNLI
_bhineng
_cDatasoft_Hindi
_eAACR2
041 0 _ahin
044 _aii
082 0 4 _a636.0896
100 0 _6880-01
_aइहसानुमला
_94645
245 1 0 _6880-02
_aडिसेस अफ डैयरी एनिमलस /
_cइहसानुमला
260 _aहैदराबाद :
_bसेवन सीस,
_c1971
300 _a81 p. ;
_c15 cm.
650 0 _aNutrition
_93280
650 0 _aAnimal nutrition
880 1 0 _6245-02(B
_aDiseases of diary animals /
_cIhasānumalā
880 0 _6100-01(B
_aIhasānumalā
887 _a Shahera 24.11.1959 (Rajni 01.02.12)
901 _aDB20310
_b17.03.1972
902 _aH 636.0896 Eh 89
904 _cShahera 24.11.1959 (Rajni 01.02.12)
_l2142
942 _2ddc
_cBKS
949 _AVIRTUAITEM
_D10000
_X100
_6DBA000020310HIN
999 _aVIRTUA40
_c478144
_d478144